LEADER 01059nam0-2200325---450- 001 990009590960403321 005 20160621142215.0 010 $a88-348-2082-7 035 $a000959096 035 $aFED01000959096 035 $a(Aleph)000959096FED01 035 $a000959096 100 $a20120614d1993----km-y0itay50------ba 101 0 $aita 102 $aIT 105 $ay-------001yy 200 1 $a<>società di capitali a partecipazione degli enti locali nell'ordinamento spagnolo$eprofili comparativi con la realtà italiana$enormativa, bibliografia$fa cura di Marco Cresti 210 $aTorino$cGiappichelli$d1993 215 $a118 p.$d24 cm 225 1 $aQuaderni per la ricerca$v2 610 0 $aDiritto comparato 676 $a340.2$v20$zita 700 1$aCresti,$bMarco$0251909 801 0$aIT$bUNINA$gRICA$2UNIMARC 901 $aBK 912 $a990009590960403321 952 $aXIV bis A 10$fDDCIC 959 $aDDCIC 996 $aSocietà di capitali a partecipazione degli enti locali nell'ordinamento spagnolo$9844552 997 $aUNINA LEADER 01560oam 2200421M 450 001 9910716138003321 005 20200213070929.6 035 $a(CKB)5470000002518736 035 $a(OCoLC)1065612546 035 $a(OCoLC)995470000002518736 035 $a(EXLCZ)995470000002518736 100 $a20071213d1926 ua 0 101 0 $aeng 135 $aurcn||||||||| 181 $ctxt$2rdacontent 182 $cc$2rdamedia 183 $acr$2rdacarrier 200 10$aAmendment of section 103 of Judicial Code. April 15, 1926. -- Referred to the House Calendar and ordered to be printed 210 1$a[Washington, D.C.] :$c[U.S. Government Printing Office],$d1926. 215 $a1 online resource (1 pages) 225 1 $aHouse report / 69th Congress, 1st session. House ;$vno. 899 225 1 $a[United States congressional serial set] ;$v[serial no. 8533] 300 $aBatch processed record: Metadata reviewed, not verified. Some fields updated by batch processes. 300 $aFDLP item number not assigned. 606 $aDistrict courts 606 $aTerms of court 608 $aLegislative materials.$2lcgft 615 0$aDistrict courts. 615 0$aTerms of court. 701 $aGraham$b George Scott$f1850-1931.$pRepublican (PA)$01386798 801 0$bWYU 801 1$bWYU 801 2$bOCLCO 801 2$bOCLCQ 906 $aBOOK 912 $a9910716138003321 996 $aAmendment of section 103 of Judicial Code. April 15, 1926. -- Referred to the House Calendar and ordered to be printed$93521241 997 $aUNINA LEADER 01930oam 2200481 450 001 9910716773503321 005 20210809121627.0 035 $a(CKB)5470000002524438 035 $a(OCoLC)1046079754 035 $a(EXLCZ)995470000002524438 100 $a20180726j200111 ua 0 101 0 $aeng 135 $aur||||||||||| 181 $ctxt$2rdacontent 182 $cc$2rdamedia 183 $acr$2rdacarrier 200 10$aAccounting for the tier 2 and heavy-duty 2005/2007 requirements in MOBILE6 $efinal report M6. EXH.004 /$fJohn W. Koupal 210 1$a[Washington, D.C.] :$cAssessment and Standards Division, Office of Transportation and Air Quality, U.S. Environmental Protection Agency,$dNovember 2001. 215 $a1 online resource (18 unnumbered pages) $ctables 300 $a"EPA420-R-01-057." 300 $a"November 2001." 320 $aIncludes bibliographical references. 517 $aAccounting for the tier 2 and heavy-duty 2005/2007 requirements in MOBILE6 606 $aAutomobiles$xMotors$xExhaust gas$zUnited States$xComputer programs 606 $aAir$xPollution$xStandards$zUnited States 606 $aAir$xPollution$xMeasurement$2fast 606 $aAutomobiles$xMotors$xExhaust gas$xMeasurement$2fast 608 $aTechnical reports.$2lcgft 615 0$aAutomobiles$xMotors$xExhaust gas$xComputer programs. 615 0$aAir$xPollution$xStandards 615 7$aAir$xPollution$xMeasurement. 615 7$aAutomobiles$xMotors$xExhaust gas$xMeasurement. 700 $aKoupal$b John W.$01393070 712 02$aUnited States.$bEnvironmental Protection Agency.$bOffice of Transportation and Air Quality.$bAssessment and Standards Division, 801 0$bELC 801 1$bELC 801 2$bOCLCF 801 2$bOCLCQ 801 2$bGPO 906 $aBOOK 912 $a9910716773503321 996 $aAccounting for the tier 2 and heavy-duty 2005$93499915 997 $aUNINA